| 000 | 01030cab a2200265 4500 | ||
|---|---|---|---|
| 001 | ABS53245 | ||
| 008 | 090401t1995 xxu||||| |||| 00| 0 eng d | ||
| 035 | _a(Sirsi) u2911 | ||
| 041 | _aeng | ||
| 245 | _aTelecommunications test case | ||
| 260 | _c1995 | ||
| 350 | _a0 | ||
| 490 |
_aRural Practice Bulletin _vMay/June 1995, 40-41(2) |
||
| 520 | _aSummary of "Mercury Communications Ltd v London and India Dock Investments Ltd" (Abs52508), and the financial provisions set down in the Telecommunications Code (Telecommunications Act 1984 Sch 2). The landowners sought a `consideration` (distinct from compensation) for cables laid under their land. | ||
| 650 | _aBP V RYDER | ||
| 650 |
_aCompulsory purchase _96228 |
||
| 650 | _aLONDON AND INDIA DOCK INVESTMENTS | ||
| 650 | _aMERCURY COMMUNICATIONS | ||
| 650 | _aPORT OF LONDON AUTHORITY | ||
| 650 | _aTELECOMMUNICATIONS ACT 1984 SCH 2 | ||
| 650 | _aTELECOMMUNICATIONS CODE | ||
| 690 | _aHIGHWAYS RIGHTS OF WAY AND EASEMENTS | ||
| 942 | _n0 | ||
| 948 | _c04/03/1997 | ||
| 999 |
_c1752 _d1752 |
||